000 00748cam a2200241 a 4500
001 ENG-90814
005 20080616095959.0
008 080828t xxu||||| |||| 00| 0 eng d
010 _aENG-90814
020 _a8189012282
_c350.00
035 _aEN-74347
037 _bDBAD / PUB
040 _aDPL
_bEnglish
082 _a000
100 _aIyer, Vijayalakshmi
245 _aQuiz on famous people /
_cby Vijayalakshmi Iyer
260 _aDelhi :
_bGNOSIS
_c2007
300 _av, 170 p.
_c22 cm (Hb)
490 _aMaster yourself with quizes
942 _2ddc
_cEN
_mIYE
_h000
999 _c15209
_d15209